A dictionary of scheduled tribes in India / (Record no. 15262)
[ view plain ]
| 000 -LEADER | |
|---|---|
| fixed length control field | 01111nam a22002897a 4500 |
| 005 - DATE AND TIME OF LATEST TRANSACTION | |
| control field | 20080902121734.0 |
| 008 - FIXED-LENGTH DATA ELEMENTS--GENERAL INFORMATION | |
| fixed length control field | 080902t xxu||||| |||| 00| 0 eng d |
| 010 ## - LIBRARY OF CONGRESS CONTROL NUMBER | |
| LC control number | ENG-90846 |
| 020 ## - INTERNATIONAL STANDARD BOOK NUMBER | |
| International Standard Book Number | 817487562X |
| Terms of availability | 695.00 |
| 035 ## - SYSTEM CONTROL NUMBER | |
| System control number | EN-74379 |
| 037 ## - SOURCE OF ACQUISITION | |
| Source of stock number/acquisition | DBAD /PUB |
| 040 ## - CATALOGING SOURCE | |
| Original cataloging agency | DPL |
| Language of cataloging | English |
| 082 ## - DEWEY DECIMAL CLASSIFICATION NUMBER | |
| Classification number | 307.772 |
| 100 ## - MAIN ENTRY--PERSONAL NAME | |
| Personal name | Kapoor, A.N. |
| 245 ## - TITLE STATEMENT | |
| Title | A dictionary of scheduled tribes in India / |
| Statement of responsibility, etc | by A.N. Kapoor, V.P. Gupta [and] Mohini Gupta |
| 260 ## - PUBLICATION, DISTRIBUTION, ETC. (IMPRINT) | |
| Place of publication, distribution, etc | New Delhi |
| Name of publisher, distributor, etc | Radha Publications |
| Date of publication, distribution, etc | 2008 |
| 270 ## - ADDRESS | |
| Address | 4231/1, Ansari Road, Darya Ganj, |
| City | New Delhi |
| Country | 110002 |
| 300 ## - PHYSICAL DESCRIPTION | |
| Extent | 404p. |
| Dimensions | 23 cm (Hb) |
| 490 ## - SERIES STATEMENT | |
| Series statement | Frontiers of knowledge; v.6 |
| 505 ## - FORMATTED CONTENTS NOTE | |
| Formatted contents note | V.6- Frontiers of knowledge |
| 650 ## - SUBJECT ADDED ENTRY--TOPICAL TERM | |
| Topical term or geographic name as entry element | Dalits |
| General subdivision | Government policy |
| Geographic subdivision | India |
| 651 ## - SUBJECT ADDED ENTRY--GEOGRAPHIC NAME | |
| Geographic name | India |
| General subdivision | Scheduled tribes |
| -- | Government policy |
| 700 ## - ADDED ENTRY--PERSONAL NAME | |
| Personal name | Gupta, V.P. |
| 700 ## - ADDED ENTRY--PERSONAL NAME | |
| Personal name | Gupta, Mohini |
| 942 ## - ADDED ENTRY ELEMENTS (KOHA) | |
| Source of classification or shelving scheme | Dewey Decimal Classification |
| Koha item type | English Books |
| Call number suffix | KAP |
| Classification part | 307.772 |
| Withdrawn status | Lost status | Materials specified (bound volume or other part) | Damaged status | Not for loan | Collection code | Home library | Current library | Date acquired | Cost, normal purchase price | Total Checkouts | Full call number | Barcode | Date last seen | Cost, replacement price | Price effective from | Koha item type | Public note |
|---|---|---|---|---|---|---|---|---|---|---|---|---|---|---|---|---|---|
| V.6- Front | Not For Loan | Non-fiction | D.B.Act.Division | D.B.Act.Division | 02/09/2008 | 695.00 | 307.772 KAP | EN-74379 | 15/09/2008 | 695.00 | 15/09/2008 | English Books | V.6- Frontiers of knowledge |
